000 00743nmm a2200277 a 4500
003 AR-X00000XY
005 20251128211854.0
008 226120s1995 ||||||||||||||000 | spa||
020 _a84-01-40151-8
040 _cAR-X00000XY
100 1 _aShapiro, Mo
245 1 0 _aAprenda a realizar entrevistas con éxito
_ben una semana
250 _a1ª ed.
260 _aBarcelona
_bPlaza & Janés Editores
_c1995
300 0 _a95 p.
500 0 _aDonación Fainholc
650 4 _aENTREVISTAS
650 4 _aCONTRATOS DE TRABAJO
650 4 _aPERSONAL
650 4 _aTECNICAS DE COMUNICACION
650 4 _aAMBIENTE LABORAL
650 4 _aSELECCION DEL PERSONAL
700 1 _aBrito, Amelia
_etraductor
942 _cBK
998 _cNancy
999 _c21436
_d21436